00640nam a2200205Ia 4500001002200000003000900022008004100031040002300072041001300095100001800108240002900126245002600155250001500181260002800196300001900224490002500243501012400268520002500392700001700417193-BUB ma pr (14298)IT-MiSPE171229s9999||||xx |||||||||||||| ||und|| aIT-MiSPEcIT-MiSPE aITALIANO aMartin Buber  aDas Problem des Menschen 0aIl problema dell'uomo a1a ed. (v) aLeumann (TO)bLDCc1983 a128 p. c21 cm aLa ricerca religiosa aEdizioni San Paolo srl - Piazza Soncino, 5 - 20092 CINISELLO BALSAMO (MI) (non commercial uses only) ® Copyright 2018 aArmido Rizzi (intr.) aArmido Rizzi